Les arrêts du tram 18 à Bruxelles - Statistiques

Statistiques générales
  • Ce quiz a été pris 19 fois
  • Le résultat moyen est 10 sur 15
Statistiques - réponses
commune arrêt % Correct
Forest/Saint-Gilles Albert
100%
Uccle Van Haelen
92%
Uccle Globe
85%
Forest Altitude Cent
77%
Forest Jupiter
77%
Uccle Engeland
69%
Uccle Uccle Calevoet
69%
Uccle Xavier de Bue
69%
Uccle Bourdon
62%
Uccle Coghen
62%
Uccle Crématorium
62%
Uccle Jeanne Herreman
62%
Uccle Bens
54%
Uccle Rittweger
54%
Uccle Roosendael
46%
Aucun quiz correspondant
Distribution des résultats
% des personnes avec chaque résultat
Percentile par nombre de réponses
Votre historique - résultats
Vous n’avez pas pris ce quiz